Obchod - kontakt

Gespeichert in:
Bibliographische Detailangaben
Format: Schriftenreihe
Sprache:Tschechisch
Veröffentlicht: Praha Efekt 1992
Schlagworte:
Tags: Tag hinzufügen
Keine Tags, Fügen Sie das erste Tag hinzu!

MARC

LEADER 00000nas2a2200000 4500
001 s016392
005 20250730114130.9
022 |a 1210-0609 
041 0 |a cze 
044 |a CZ 
245 1 0 |a Obchod - kontakt 
264 1 |a Praha  |b Efekt  |c 1992 
300 |a 1 zv. 
773 0 |w eu_un_cat*0016766 
610 2 0 |a obchod zahraničný 
610 2 0 |a obchod 
610 2 0 |a marketing